[Event "Oberliga Ost-A 0809"]
[Site "Germany"]
[Date "2009.01.31"]
[Round "6.7"]
[White "Luther, Juergen"]
[Black "Selig, Rainer"]
[Result "1/2-1/2"]
[WhiteElo "2204"]
[BlackElo "2048"]
[PlyCount "38"]
[EventDate "2008.10.12"]
[EventType "team-tourn"]
[EventRounds "11"]
[EventCountry "GER"]
[SourceTitle "EXT 2010"]
[Source "ChessBase"]
[SourceDate "2010.11.25"]
[SourceVersion "1"]
[SourceVersionDate "2010.11.25"]
[SourceQuality "1"]
[WhiteTeam "Halle USV"]
[BlackTeam "Ebersbach"]
[WhiteTeamCountry "GER"]
[BlackTeamCountry "GER"]

1. d4 d5 2. Nc3 Nf6 3. Bg5 Nbd7 4. f3 c6 5. Qd2 Qa5 6. e4 h6 7. Bxf6 Nxf6 8. e5 Nd7 9. f4 e6 10. Nge2 Be7 11. a3 c5 12. Rd1 a6 13. dxc5 Qxc5 14. Nd4 0-0 15. Bd3 Nb6 16. Nce2 Nc4 17. Qc1 f6 18. exf6 Bxf6 19. b4 Qe7 1/2-1/2

[Event "Oberliga Ost-A 0708"]
[Site "Germany"]
[Date "2008.03.09"]
[Round "8.8"]
[White "Luther, Juergen"]
[Black "Packroff, Hermann"]
[Result "1/2-1/2"]
[WhiteElo "2184"]
[BlackElo "2196"]
[PlyCount "38"]
[EventDate "2007.09.23"]
[EventType "team-tourn"]
[EventRounds "11"]
[EventCountry "GER"]
[SourceTitle "EXT 2009"]
[Source "ChessBase"]
[SourceDate "2008.11.26"]
[SourceVersion "1"]
[SourceVersionDate "2008.11.26"]
[SourceQuality "1"]
[WhiteTeam "Halle USV"]
[BlackTeam "Naumburg"]
[WhiteTeamCountry "GER"]
[BlackTeamCountry "GER"]

1. d4 Nf6 2. Nc3 d5 3. Bg5 Bf5 4. f3 Nbd7 5. Qd2 c6 6. 0-0-0 Qa5 7. Qf4 e6 8. e4 dxe4 9. Bxf6 Nxf6 10. fxe4 Bg6 11. Bd3 Bb4 12. Nge2 0-0 13. g4 Nd7 14. h4 f6 15. Bc4 Bf7 16. g5 e5 17. Bxf7+ Rxf7 18. Qg3 exd4 19. Rxd4 Bxc3 1/2-1/2